Národná banka Slovenska zvýšila povinné minimálne rezervy, lombardnú sadzbu a rozpätie fluktuačného pásma

Opatrenia NBS na udržanie stability slovenskej koruny: zvýšenie povinných minimálnych rezerv, ktoré obchodné banky musia držať na účtoch NBS, zavedenie devízovej pozície obchodných bánk pre menové účely, zvýšenie lombardnej sadzby, rozšírenie fluktuačného pásma pre stanovovanie výmenného kurzu. Rast...

Ausführliche Beschreibung

Gespeichert in:
Bibliographische Detailangaben
1. Verfasser: Masár, V.
Weitere Verfasser: Kubinec, S.
Format: Buchkapitel
Sprache:Slowakisch
Schlagworte:
Tags: Tag hinzufügen
Keine Tags, Fügen Sie das erste Tag hinzu!

MARC

LEADER 00000naa a2200000 4500
001 r021421
005 20230921075243.4
041 0 |a slo 
044 |a SK 
245 1 0 |a Národná banka Slovenska zvýšila povinné minimálne rezervy, lombardnú sadzbu a rozpätie fluktuačného pásma  |c V. Masár, S. Kubinec 
520 |a Opatrenia NBS na udržanie stability slovenskej koruny: zvýšenie povinných minimálnych rezerv, ktoré obchodné banky musia držať na účtoch NBS, zavedenie devízovej pozície obchodných bánk pre menové účely, zvýšenie lombardnej sadzby, rozšírenie fluktuačného pásma pre stanovovanie výmenného kurzu. Rast deficitu obchodnej bilancie, pokles devízových rezerv, nárast úverov. 
610 2 0 |a Slovensko 
610 2 0 |a NBS Bratislava 
610 2 0 |a operácie bankové 
610 2 0 |a opatrenia racionalizačné 
610 2 0 |a banky 
610 2 0 |a rezervy finančné 
610 2 0 |a miera úroková 
610 2 0 |a banky obchodné 
610 2 0 |a mena 
610 2 0 |a úver 
610 2 0 |a devízy 
610 2 0 |a politika finančná 
100 1 |a Masár, V. 
700 1 |a Kubinec, S.